| 000 | 00575nam a2200193Ia 4500 | ||
|---|---|---|---|
| 005 | 20250508152110.0 | ||
| 008 | 008 250505s9999 xx 000 0 eng d | ||
| 037 | _aTextual | ||
| 040 |
_aFEDL _beng _cFEDL |
||
| 041 |
_aeng _2eng |
||
| 084 |
_a372.6, BAI _qFEDL |
||
| 100 |
_aBaley Matilda _9760752 |
||
| 245 | 0 | _aLanguage learnings : Kingergarten grade 1, 2 | |
| 260 |
_aNew York, USA _bAmerican Book Company _c1956 |
||
| 300 | _avi,170p | ||
| 700 |
_a Horrocks Edna M Torreson Esther _9760753 |
||
| 942 |
_cTEXL _h372.6, BAI |
||
| 999 |
_c1334245 _d1334245 |
||